MARC

LEADER 00000nam0a2200000 4500
001 272395
005 20231101234529.0
035 |a (RuTPU)RU\TPU\book\295601 
090 |a 272395 
100 |a 20141017d1987 k y0rusy50 ca 
101 0 |a rus 
102 |a RU 
105 |a a z 001zy 
200 1 |a Инженерно-геологические особенности цикличности лёссов  |f Академия наук СССР (АН СССР) ; под ред. В. Т. Трофимова ; Я. Е. Шаевича 
210 |a Москва  |c Наука  |d 1987 
215 |a 150 с.  |c ил. 
320 |a Библиография в конце статей 
606 1 |a Лессовые грунты  |2 stltpush  |3 (RuTPU)RU\TPU\subj\40054  |9 59929 
610 1 |a геологические особенности 
610 1 |a лессовые толщи 
610 1 |a строение 
610 1 |a стратиграфия 
610 1 |a просадочность 
610 1 |a распределение 
610 1 |a генезис 
610 1 |a лессовые отложения 
610 1 |a свойства 
610 1 |a Предкавказье 
675 |a 624.131.23  |v 4 
702 1 |a Трофимов  |b В. Т.  |4 340 
702 1 |a Шаевич  |b Я. Е.  |4 340 
712 0 2 |a Академия наук СССР (АН СССР)  |c (1925-1991)  |2 stltpush  |3 (RuTPU)RU\TPU\col\722 
801 1 |a RU  |b 63413507  |c 20141017 
801 2 |a RU  |b 63413507  |c 20170316  |g RCR 
942 |c BK